Lessings und Herders kunsttheoretische Gedanken in ihrem Zusammenhang.

Saved in:
Bibliographic Details
Main Author: May, Kurt, 1892-1959
Format: Thesis Book
Language:German
Published: Nendeln/Liechtenstein, Kraus Reprint, 1967.
Series:Germanische Studien ; Heft 25
Subjects:
LEADER 01116nam a22002891 4500
001 c000191263
003 CARM
005 20021125001200.0
008 770516r19671923lh b 00000 ger
010 |a 76225524 //r84 
019 1 |a 1130292  |5 LACONCORD2021 
035 |a (OCoLC)3671100  |5 LACONCORD2021 
050 0 0 |a N64.L8  |b M3 1967 
100 1 |a May, Kurt,  |d 1892-1959. 
245 1 0 |a Lessings und Herders kunsttheoretische Gedanken in ihrem Zusammenhang. 
260 |a Nendeln/Liechtenstein,  |b Kraus Reprint,  |c 1967. 
300 |a 158 p.  |c 23 cm. 
440 0 |a Germanische Studien ;  |v Heft 25 
500 |a Reprint of the ed. published in Berlin by E. Ebering in 1923. 
502 |a Diss.--Berlin. 
504 |a Bibliographical footnotes. 
600 1 0 |a Lessing, Gotthold Ephraim,  |d 1729-1781, 
600 1 0 |a Herder, Johann Gottfried,  |d 1744-1803. 
650 0 |a Aesthetics, German. 
852 8 |b CARM  |h A2:AO33A0  |i B06534  |p 0301726  |f BK 
999 f f |i db6ec8f8-921f-5fd5-b3d6-67d1381bf29e  |s 96f9f123-5040-5346-b8e4-a8f14ced1cee 
952 f f |p Can circulate  |a CAVAL  |b CAVAL  |c CAVAL  |d CARM 1 Store  |e B06534  |f A2:AO33A0  |h Other scheme  |i book  |m 0301726